000 00249nam a22000977a 4500
999 _c10925
_d10925
008 180409b ||||| |||| 00| 0 eng d
020 _a9788177000313
100 _aArora Sumita
_96734
245 _aInformation Practices-XI
260 _aNew Delhi
_bDhanpat